| 000 | 00439nam a22001577a 4500 | ||
|---|---|---|---|
| 999 |
_c17684 _d17684 |
||
| 003 | OSt | ||
| 005 | 20221205150700.0 | ||
| 008 | 221205b ||||| |||| 00| 0 eng d | ||
| 040 | _c0 | ||
| 100 |
_aAFP _946946 |
||
| 245 | _aHK foreign domestic workers being abandoned in crisis / | ||
| 260 |
_aPhilippines; _bPhilippine Daily Inquirer, _cFebruary 19, 2022. |
||
| 300 | _apage a4. | ||
| 650 |
_aWork Environment. _946947 |
||
| 942 |
_2ddc _cPER |
||